书目信息 |
| 题名: |
小学口算教学法
|
|
| 作者: | 孙士仪 著 | |
| 分册: | ||
| 出版信息: | 上海 上海教育出版社 1980 |
|
| 页数: | 83页 | |
| 开本: | 19cm | |
| 丛书名: | ||
| 单 册: | ||
| 中图分类: | G623.5 , G622 | |
| 科图分类: | ||
| 主题词: | 速算-教学法--小学 , 教学法-速算--小学 | |
| 电子资源: | ||
| ISBN: | ||
| 000 | 00682nam0 2200265 45 | |
| 001 | 0180001384 | |
| 005 | 20040425144700.6 | |
| 010 | @dCNY0.21 | |
| 091 | @a7150.2313 | |
| 100 | @a19950705d1980 em y0chiy0121 ea | |
| 101 | 0 | @achi |
| 102 | @aCN@b310000 | |
| 105 | @ay z 000yy | |
| 106 | @ar | |
| 200 | 10 | @a小学口算教学法@Axiao xue kou suan jiao xue fa@f孙士仪著 |
| 210 | @a上海@c上海教育出版社@d1980 | |
| 215 | @a83页@d19cm | |
| 606 | @a速算-教学法@x小学 | |
| 606 | @a教学法-速算@x小学 | |
| 690 | @aG623.5@v3 | |
| 690 | @aG622 | |
| 701 | 0 | @a孙士仪@Asun shi yi@4著 |
| 801 | 0 | @aCN@b上海图书馆@c20040425 |
| 801 | 2 | @aCN@bNLC@c20040425 |
| 905 | @f1@b35829@dG622@e40 | |
| 小学口算教学法/孙士仪著.-上海:上海教育出版社,1980 |
| 83页;19cm |
| ISBN :CNY0.21 |
| ● |
| 相关链接 |
|
|
|
|
正题名:小学口算教学法
索取号:G622/40
 
预约/预借
| 序号 | 登录号 | 条形码 | 馆藏地/架位号 | 状态 | 备注 |
| 1 | 0035822 | 001850465 | 密集书库/ [索取号:G622/40] | 在馆 | |
| 2 | 0035829 | 000465721 | 第一样本阅览室/ [索取号:G622/40] | 在馆 | |
| 3 | 0035831 | 001517905 | 密集书库/ [索取号:G622/40] | 在馆 |